| 000 | 00733nam a2200217 a 4500 | ||
|---|---|---|---|
| 001 | 000020221 | ||
| 005 | 20240731082000.0 | ||
| 008 | 100728s2008 sp abc 000 0 spa d | ||
| 020 | _a9788449436789 | ||
| 040 |
_aDO-SdBNP _bspa _cBNPHU |
||
| 082 |
_aR 030 _bO819o |
||
| 245 | 0 | 0 |
_aOcéano Omega : _bdiccionario enciclopédico universal / _cedición Ángeles Arregui, Ignacio González. |
| 260 |
_aBarcelona : _bOcéano Omega, _c2008. |
||
| 300 |
_a6 v. : _bil. ; mapa. ; retrs. ; _c29 cm. |
||
| 500 | _aIncluye láminas. | ||
| 650 | 0 |
_aEnciclopedias y diccionarios _92045 |
|
| 700 | 1 |
_aArregui, Ángeles, _eed. _942822 |
|
| 700 | 1 |
_aGonzález, Ignacio, _eed. _942823 |
|
| 910 | _aValidado. Control de calidad BNPHU | ||
| 049 | _aBNPD | ||
| 999 |
_c19726 _d19726 |
||